• 首页
  • 本馆介绍
  • 公告通知
  • 最新文献
  • 馆藏检索
  • 电子资源
  • 读者导购
  • 参考咨询
  • 我的图书馆
  • 登录
  • 详细信息显示
  • 放入我的书架
  • 预约/预借图书
  • 作者相关作品
  • 分类相关作品
  • 丛书相关作品
  • 出版社相关作品

书目信息

  • 表格格式
  • 工作单格式
  • 卡片格式
题名:
氧基簇合物化学
    
 
作者: 杨国昱 主编
分册:  
出版信息: 北京   科学出版社  2012.06
页数: 11,943页
开本: 24cm
丛书名:
单 册:
中图分类: O641.4
科图分类:
主题词: 簇状化合物
电子资源:
ISBN: 978-7-03-034376-5
000 00980nam0 2200265 450
001 0100500013785
005 20140609154243.98
010    @a978-7-03-034376-5@b精装@dCNY188.00
100    @a20120731d2012 em y0chiy0110 ea
101 0  @achi
102    @aCN@b110000
105    @aa z 000yy
106    @ar
200 1  @a氧基簇合物化学@9yang ji cu he wu hua xue@f杨国昱主编
210    @a北京@c科学出版社@d2012.06
215    @a11,943页@c图@d24cm
300    @a国家科学技术学术著作出版基金资助出版
312    @a封面英文题名:Oxo cluster chemistry
330    @a全书包括过渡金属一氧簇化学、主族元素(包括主族金属和主族非金属)一氧簇化学、稀土一氧簇化学及氧基簇合物的理论化学与应用共4篇32章,基本覆盖目前氧基簇合物化学的研究范畴,交叉性强,反映了当前该领域的研究前沿与现状。
510 1  @aOxo cluster chemistry@zeng
606 0  @a簇状化合物
690    @aO641.4@v5
701  0 @a杨国昱@9yang guo yu@f(1965~)@4主编
801  0 @aCN@bNLC@c20120921
905    @b549948-49@dO641.4@e74@f2
    
    氧基簇合物化学/杨国昱主编.-北京:科学出版社,2012.06
    11,943页:图;24cm
    国家科学技术学术著作出版基金资助出版
    
    ISBN 978-7-03-034376-5(精装):CNY188.00
    全书包括过渡金属一氧簇化学、主族元素(包括主族金属和主族非金属)一氧簇化学、稀土一氧簇化学及氧基簇合物的理论化学与应用共4篇32章,基本覆盖目前氧基簇合物化学的研究范畴,交叉性强,反映了当前该领域的研究前沿与现状。
●
相关链接 在E读中查询图书 在五车中查询图书 在当当中查询图书 在豆瓣中查询图书


正题名:氧基簇合物化学     索取号:O641.4/74         预约/预借

序号 登录号 条形码 馆藏地/架位号 状态 备注
1 549948   205499487   第二样本阅览室/ [索取号:O641.4/74] 在馆    
2 549949   205499496   第三借阅区/ [索取号:O641.4/74] 在馆    
唐山师范学院图书馆 欢迎您!
大连网信软件有限公司© 版权所有